MARC details
| 000 -CABECERA |
| campo de control de longitud fija |
00908nam a2200205 a 4500 |
| 001 - NÚMERO DE CONTROL |
| campo de control |
000041819 |
| 005 - FECHA Y HORA DE LA ÚLTIMA TRANSACCIÓN |
| campo de control |
20201002035755.0 |
| 008 - DATOS DE LONGITUD FIJA--INFORMACIÓN GENERAL |
| campo de control de longitud fija |
131018s2000 sp 000 0 spa d |
| 020 ## - NÚMERO INTERNACIONAL ESTÁNDAR DEL LIBRO |
| Número Internacional Estándar del Libro |
8400078713 |
| 040 ## - FUENTE DE LA CATALOGACIÓN |
| Centro catalogador/agencia de origen |
DO-SdBNP |
| Lengua de catalogación |
spa |
| Centro/agencia transcriptor |
BNPHU |
| 082 ## - NÚMERO DE LA CLASIFICACIÓN DECIMAL DEWEY |
| Número de clasificación |
xxx |
| Número de documento/Ítem |
xxxx |
| 100 1# - ENTRADA PRINCIPAL--NOMBRE DE PERSONA |
| Nombre de persona |
Ortega, Pascual |
| 9 (RLIN) |
68693 |
| 245 10 - MENCIÓN DE TÍTULO |
| Título |
Musulmanes en Cataluña : |
| Resto del título |
las comunidades Musulmanas de las encomiendas templarias y hospitalarias de Ascó y Miravet (siglos XII-XIV) / |
| Mención de responsabilidad, etc. |
Pascual Ortega; prólogo, Maria Teresa Ferrer Mallol. |
| 260 ## - PUBLICACIÓN, DISTRIBUCIÓN, ETC. |
| Lugar de publicación, distribución, etc. |
Barcelona, : |
| Nombre del editor, distribuidor, etc. |
Consejo Superior de Investigaciones Científicas |
| -- |
Institución Milá y Fontanals, |
| Fecha de publicación, distribución, etc. |
2000. |
| 300 ## - DESCRIPCIÓN FÍSICA |
| Extensión |
192 p. ; |
| Dimensiones |
24 cm. |
| 490 1# - MENCIÓN DE SERIE |
| Mención de serie |
Anuario de estudios medievales |
| -- |
Anejo |
| Designación de volumen o secuencia |
39 |
| 500 ## - NOTA GENERAL |
| Nota general |
Incluye notas y referencias bibliografícas al pie de página |
| 700 1# - PUNTO DE ACCESO ADICIONAL--NOMBRE DE PERSONA |
| Nombre de persona |
Ferrer Mallol, Maria Teresa |
| Término indicativo de función/relación |
prol. |
| 9 (RLIN) |
67807 |
| 830 #0 - PUNTO DE ACCESO ADICIONAL DE SERIE-TÍTULO UNIFORME |
| Título uniforme |
Anuario de estudios medievales |
| Nombre de parte o sección de la obra |
Anejo |
| Designación de volumen o secuencia |
39 |
| 9 (RLIN) |
64050 |